Statistics for Top 10 Largest Cities in Namibia

Click here to take the quiz!

General Stats

  • This quiz has been taken 23 times
  • The average score is 4 of 10

Answer Stats

PopulationCity% Correct
268,132Windhoek
100%
52,058Walvis Bay
73%
25,047Swakopmund
68%
58,172Rundu
45%
21,224Otjiwarongo
32%
20,879Okahandja
27%
24,099Grootfontein
23%
21,377Rehoboth
23%
33,618Oshakati
18%
25,027Katima Mulilo
14%

Score Distribution

Percentile by Number Answered

Percent of People with Each Score

Your Score History

You have not taken this quiz